Quizzes
Events
Quiz Creation
Community
Videos
Private Events
Remove Ads
Sign In
Join for FREE
Feedback
Dark Mode
Quiz Categories
Sports
Geography
Music
Movies
Television
Just For Fun
Miscellaneous
History
Literature
Language
Science
Gaming
Entertainment
Religion
Holiday
For Kids
Quiz Lab
Recent
Popular Today
Quiz Kudos Today
Editor Picks
Curator Picks
Quizzes by...
Day
Popularity
Type
Ratings
Length
Year
Community
Subscriptions
Recent Discussions
Orange Saloon
Badges
Playlists
Quests
Create
Leaderboards
Showdown
Live 5
Trivia Bingo
Activity
Puzzle Library
Sporcle Events
Private Events
Virtual Trivia
Globe League
Become a Host
Pub Owners
SporcleCon
Opinionation
Our Games
Videos
Blog
Mobile Apps
Partnerships
Remove Ads and Go Orange
Feedback
Entertainment
Celebrity
Famous
Musical
Broadway
Show
Quote
Comic Books
Anime
Superhero
DC Comics
Marvel
Cartoons
Animation
Entertainment
Celebrity
Famous
Musical
Broadway
Show
Quote
Comic Books
Anime
Superhero
DC Comics
Marvel
Cartoons
Animation
Random Quiz
Search Sporcle
×
Quiz Lab
Quiz Lab
Entertainment
Musical
Type in answers that appear in a list
Type in answers that appear in a list
Classic
Best Score? Go Orange.
Musicals by Character Stats
Can you name the musicals from the given characters?
By
BaconTim
7m
24 Questions
638 Plays
638 Plays
638 Plays
Comments
Comments
Give Quiz Kudos
Give Quiz Kudos
-
- Ratings
hide this ad
More Info
Forced Order
Answers have to be entered in order
Answers have to be entered in order
Replay
Link that replays current quiz
Next Quiz
Link to next quiz in quiz playlist
You Got
0%
They Got
Avg Score
63%
Avg Friend Score
Upgrade to see
Score Distribution
Jump to the score distribution portion of the page
Score
0/24
Timer
07:00
0
Plays Today
Main Characters
Musical
% Correct
Sandy Olsen, Danny Zuko, Betty Rizzo
Grease
96.2%
Timon, Nala, Scar
The Lion King
95.3%
Ariel, Ursula, Flounder
The Little Mermaid
95.1%
Elphaba, Glinda, Fiyero
Wicked
91.8%
Tony, Maria, Bernado
West Side Story
91.5%
Roxie Hart, Velma Kelly, Billy Flynn
Chicago
91.2%
Miss Hannigan, Oliver Warbucks, Lily St. Regis
Annie
88.7%
King Arthur, Sir Dennis Galahad, Sir Not-
Appearing-
In-
This-
Show
Spamalot
82.6%
Link Larkin, Amber Von Tussle, Corny Collins
Hairspray
78.1%
Christine Daae, Madame Giry, Raoul
The Phantom of the Opera
74%
Cat in the Hat, Horton Elephant, The Grinch
Seussical the Musical
73.4%
Lucy, Linus, Snoopy
You're a Good Man, Charlie Brown
69.7%
Main Characters
Musical
% Correct
Nathan Detroit, Sky Masterson, Miss Adelaide
Guys and Dolls
60.8%
Max Bialystock, Leo Bloom, Roger De Bris
The Producers
57.7%
Igor, Inga, The Monster
Young Frankenstein
56.7%
Curly McLain, Laurey Williams, Aunt Eller
Oklahoma!
53.4%
Charity Hope Valentine, Nickie, Vittorio Vidal
Sweet Charity
52.5%
Rose Lee, Louise, Herbire
Gypsy
45.9%
Donna Sheridan, Sophie, Sam Carmichael
Mamma Mia!
43.7%
Nina, Usnavi, Benny
In the Heights
40.8%
Bobby Strong, Hope Cladwell, Officer Lockstock
Urinetown
31%
Zach, Cassie Ferguson, Mike Costa
A Chorus Line
27.9%
Man in Chair, Trix, Kitty
The Drowsy Chaperone
21.9%
Lt. Frank Cioffi, Carmen Bernstein, Niki Haris
Curtains
11.1%
Quiz Playlist
Details
Report
Send in Message
Add To Playlist
More Info:
Opening refers to Broadway
Classic:
Type in answers that appear in a list
Forced Order:
Answers have to be entered in order
Last Updated: Feb 16, 2017
Quiz Scoreboard
CHALLENGE
Sign Up to Join the Scoreboard
Show All
Scores
Hide
Comments
May contain spoilers
Recently Published
Presidents Visiting Landmarks
by Hejman
History
7m
An Introduction to Baseball
by treessimontrees
Sports
5m
Movies - When Are They Set?
by FPL_Elf
Movies
5m
More to Explore
Quiz From the Vault
Featured Blog Post
Where Did the Easter Bunny Come From?
hide this ad
You Might Also Like...
Tags
Musical Quiz
Character
Opened
Today's Top Quizzes in Entertainment
Browse Entertainment
hide this ad
Today's Top Quizzes in Musical
Browse Musical
Top Contributed Quizzes in Entertainment
1
7-to-1: DC Comics Villains
2
Kamen Rider Motifs
3
Dragon Ball Z: Goku's Fights in Order
4
Marvel Characters Bunker
5
Eurovision 2023 Logic Puzzle
6
Dragon Ball Z: Mega Character Search
7
Criteria Quickie: Cartoon Taxonomy II
8
Fictional Villains Letter U Blitz
9
Sorting Pictures: Villains
10
Who Wants to Be a Millionaire: Anime Edition
Explore More
Trending Topics
Marvel
Crossword
Anime
NBA
Harry Potter
Kpop
Disney
NFL
WWE
Country
Pokémon
Puzzle
Soccer
Song
The Office
hide this ad
More By:
BaconTim
Quiz
Plays
Rating
Category
Featured
Created
Famous Bunnies
150,151
3.71
Entertainment
Oct 25, 2009
Disney Character First Appearances
3,395
3.72
Entertainment
Oct 24, 2009
Disney Pixar Movies
705
2.60
Movies
Jan 24, 2010
Musicals by Character
638
4.25
Entertainment
Feb 25, 2010
Parks and Recreation Characters
605
3.89
Television
Apr 3, 2010
Go to Creator's Profile
Score Distribution
Quiz Creator Spotlight
BaconTim
Follow
Send a Message
Quizzes Created
-
Created Quiz Play Count
-
More By This Creator
Popular Quizzes Today
1
Find the Countries of Europe - No Outlines Minefield
2
Find the US States - No Outlines Minefield
3
The Countries of the World
4
Popular People in 1961
5
Find the US States
6
US States
7
Risky Map Clicking: Biggest States A-Z
8
1-10 Letter E Words III
More Entertainment Quizzes
Marvel Picture Find: Fantastic Four
Published
Trending Quizzes
Risky Map Clicking: Least Populous States A-Z
1-10 Letter F Words
1-10 Letter G Words
One Thing in Common: United Kingdom
Risky Map Clicking: Next State Alphabetically
Recently Updated
Leaping Animals
pecheneg
Reality TV Shows (A-Z)
bhenderson79
Rickey Henderson's Hall of Fame Teammates
pecheneg
Champions League XIs: Arsenal
pecheneg
Quick Pick: Celebrities in WWE's Hall of Fame
aduchscher
A-Z Keypad Blitz II
pecheneg
Multiple Oscar Actors
pecheneg
Mystery Phrase Blitz: Oscar 'Best Actors'
pecheneg
F. Scott Fitzgerald Novels
LTH
Pick 3 Villains
ddd62291
Trending Topics
Crossword
Marvel
NBA
Kpop
Anime
Disney
Harry Potter
The Office
Country
Pokémon
Puzzle
NFL
WWE
Soccer
Song
Your Account Isn't Verified!
In order to create a playlist on Sporcle, you need to verify the email address you used during registration. Go to your
Sporcle Settings
to finish the process.
Report this User
Report this user for behavior that violates our
Community Guidelines
.
Details:
Send Report
Go to the Sporcle.com Mobile Site →
Comments